| 000 | 00523cam a2200205ua 4500 | ||
|---|---|---|---|
| 001 | 11769 | ||
| 005 | 20260515114810.0 | ||
| 008 | 191105n ii |||gr||||Z||||||hin | ||
| 020 | _a9788184556261 | ||
| 040 | _cMAIN | ||
| 082 | _a491.431 | ||
| 100 |
_aB.D. Sharma, _eAuthor., |
||
| 245 |
_aPrayojanmulak hindi _cBy B.D. Sharma |
||
| 250 | _a1st ed. | ||
| 260 |
_aNew Delhi: _bOmega Publication, _c2017. |
||
| 300 | _a264p. | ||
| 653 | _aEast Indo-European & Celtic languages | ||
| 653 | _aHindi language | ||
| 942 | _cBK | ||
| 999 |
_c10553 _d10553 |
||